Every Rich The Kid Song on the Billboard Hot 100 - Statistics

General Stats
  • This quiz has been taken 49 times
    22 since last reset
  • The average score is 3 of 5
Answer Stats
# Year Song % Correct
13 2018 Plug Walk
94%
41 2018 New Freezer ft. Kendrick Lamar
72%
80 2019 Splashin
61%
78 2019 Daddy (Blueface)
50%
43 2019 Talk To Me (Tory Lanez)
39%
No matching quizzes found
Score Distribution
Percent of People with Each Score
Percentile by Number Answered
Your Score History
You have not taken this quiz since the last reset